[Event "Irkutsk-ch"]
[Site "Irkutsk"]
[Date "2016.12.18"]
[Round "3"]
[White "Khantuev, Alexander"]
[Black "Shelk, Alexander"]
[Result "1/2-1/2"]
[WhiteElo "2282"]
[BlackElo "2302"]
[PlyCount "27"]
[EventDate "2016.12.16"]
[EventType "tourn"]
[EventRounds "9"]
[EventCountry "RUS"]
[SourceTitle "CBM 176 Extra"]
[Source "ChessBase"]
[SourceDate "2017.03.02"]
[SourceVersion "1"]
[SourceVersionDate "2017.03.02"]
[SourceQuality "1"]

1. e4 c5 2. Nf3 Nc6 3. c3 Nf6 4. e5 Nd5 5. Bc4 Nb6 6. Bb3 c4 7. Bc2 Qc7 8. Qe2 g5 9. h3 Bg7 10. 0-0 Nxe5 11. Nxg5 h6 12. Nf3 d5 13. Re1 Nxf3+ 14. Qxf3 1/2-1/2

[Event "Irkutsk Region-ch"]
[Site "Irkutsk"]
[Date "2015.11.22"]
[Round "9"]
[White "Khantuev, Alexander"]
[Black "Naumov, Ivan"]
[Result "0-1"]
[WhiteElo "2317"]
[BlackElo "1992"]
[PlyCount "68"]
[EventDate "2015.11.14"]
[EventType "swiss"]
[EventRounds "9"]
[EventCountry "RUS"]
[SourceTitle "CBM 169 Extra"]
[Source "ChessBase"]
[SourceDate "2015.12.18"]
[SourceVersion "1"]
[SourceVersionDate "2015.12.18"]
[SourceQuality "1"]

1. e4 c5 2. Nf3 g6 3. c3 Bg7 4. d4 cxd4 5. cxd4 d5 6. exd5 Nf6 7. Bb5+ Nbd7 8. d6 e6 9. Nc3 Qb6 10. Bf4 0-0 11. 0-0 a6 12. Bxd7 Bxd7 13. Qb3 Qxb3 14. axb3 Bc6 15. Ne5 Bd5 16. Nxd5 Nxd5 17. Bg3 Rfd8 18. Rfd1 Bf8 19. Nc4 b5 20. Ne3 Nxe3 21. fxe3 Bxd6 22. Bh4 Rdc8 23. Rdc1 Bb4 24. Bf6 Rxc1+ 25. Rxc1 Bd2 26. Rc6 Bxe3+ 27. Kf1 Bh6 28. g4 Bg7 29. g5 h6 30. Bxg7 Kxg7 31. gxh6+ Kxh6 32. Ke2 Kg7 33. Kf3 Rh8 34. Kg3 Rd8 0-1

[Event "Angarsk Golden Autumn"]
[Site "Angarsk"]
[Date "2015.10.27"]
[Round "11"]
[White "Khramkov, Yury"]
[Black "Khantuev, Alexander"]
[Result "0-1"]
[WhiteElo "2047"]
[BlackElo "2349"]
[PlyCount "100"]
[EventDate "2015.10.19"]
[EventType "tourn"]
[EventRounds "13"]
[EventCountry "RUS"]
[SourceTitle "EXT 2018"]
[Source "ChessBase"]
[SourceDate "2017.10.13"]
[SourceVersion "1"]
[SourceVersionDate "2017.10.13"]
[SourceQuality "1"]

1. d4 g6 2. c4 Bg7 3. Nc3 c5 4. d5 d6 5. e4 a6 6. Nf3 e6 7. Bf4 e5 8. Bg5 f6 9. Be3 Ne7 10. Bd3 0-0 11. Qd2 Nd7 12. g4 b5 13. cxb5 Nb6 14. Rg1 axb5 15. Bxb5 Ba6 16. Bxa6 Rxa6 17. Qe2 Qa8 18. h4 Na4 19. Nd1 Rc8 20. Nd2 Nb6 21. Nc3 Na4 22. Nd1 Rb8 23. Nc4 Nc8 24. h5 Nab6 25. Na3 Ne7 26. Bc1 Ra4 27. Nc3 Rd4 28. Nab5 Qa5 29. Bd2 Nec8 30. Nxd4 exd4 31. Nb5 Qa6 32. Nc7 Qb7 33. Ne6 g5 34. b3 Nd7 35. f4 h6 36. Nd8 Qa8 37. Rg3 Ncb6 38. Nc6 Re8 39. Kf2 Nxd5 40. Qc4 N7b6 41. Qb5 Rxe4 42. Ba5 gxf4 43. Rf3 Nd7 44. Nd8 Re7 45. Nc6 Re3 46. Re1 Ne5 47. Nxe5 fxe5 48. Rfxe3 dxe3+ 49. Ke2 f3+ 50. Kd3 e4+ 0-1

[Event "Angarsk Golden Autumn"]
[Site "Angarsk"]
[Date "2015.10.25"]
[Round "9"]
[White "Naumov, Ivan"]
[Black "Khantuev, Alexander"]
[Result "1/2-1/2"]
[WhiteElo "2067"]
[BlackElo "2349"]
[PlyCount "132"]
[EventDate "2015.10.19"]
[EventType "tourn"]
[EventRounds "13"]
[EventCountry "RUS"]
[SourceTitle "EXT 2018"]
[Source "ChessBase"]
[SourceDate "2017.10.13"]
[SourceVersion "1"]
[SourceVersionDate "2017.10.13"]
[SourceQuality "1"]

1. d4 g6 2. Nf3 Bg7 3. g3 c5 4. c3 b6 5. Bg2 Bb7 6. 0-0 Nf6 7. e3 0-0 8. a4 Nc6 9. b3 d5 10. Ba3 Rc8 11. Nbd2 Re8 12. Rc1 e5 13. dxe5 Ng4 14. Bh3 h5 15. c4 Ncxe5 16. Nxe5 Nxe5 17. Bg2 Rc7 18. cxd5 Bxd5 19. Bxd5 Qxd5 20. Nc4 Nf3+ 21. Kh1 Qc6 22. e4 Nd4 23. f3 Rxe4 24. Bb2 Re6 25. Bxd4 Bxd4 26. Kg2 Rce7 27. Rc2 h4 28. Na3 Qd5 29. Nc4 Qf5 30. g4 Qf4 31. Qd2 Qxd2+ 32. Rxd2 a6 33. Rfd1 Re2+ 34. Kh3 b5 35. axb5 axb5 36. Nd6 R2e3 37. Rd3 b4 38. Kxh4 Rxd3 39. Rxd3 Re2 40. h3 Kg7 41. g5 Rg2 42. Ne4 Kf8 43. Rd2 Rg1 44. Rc2 Ke7 45. Nxc5 Bc3 46. Nd3 Kd6 47. Rc1 Rg2 48. Rd1 Kc6 49. Rc1 Kb5 50. Rd1 Bd2 51. f4 Kb6 52. Rf1 Kc6 53. Ne5+ Kd5 54. Nxf7 Ke4 55. f5 gxf5 56. Kh5 f4 57. h4 Kd3 58. g6 Ke2 59. Ng5 Kxf1 60. g7 f3 61. g8Q Bxg5 62. hxg5 Kg1 63. Qc4 f2 64. Qd4 Kh1 65. Qd3 Kg1 66. Qe3 Kh1 1/2-1/2

[Event "Angarsk Golden Autumn"]
[Site "Angarsk"]
[Date "2015.10.21"]
[Round "3"]
[White "Khantuev, Alexander"]
[Black "Bychkov, Vladimir"]
[Result "0-1"]
[WhiteElo "2349"]
[BlackElo "2090"]
[PlyCount "82"]
[EventDate "2015.10.19"]
[EventType "tourn"]
[EventRounds "13"]
[EventCountry "RUS"]
[SourceTitle "EXT 2018"]
[Source "ChessBase"]
[SourceDate "2017.10.13"]
[SourceVersion "1"]
[SourceVersionDate "2017.10.13"]
[SourceQuality "1"]

1. e4 e6 2. d4 d5 3. Nc3 Nf6 4. e5 Nfd7 5. f4 c5 6. Nf3 Nc6 7. Be3 cxd4 8. Nxd4 Bc5 9. Qd2 0-0 10. 0-0-0 a6 11. h4 Bxd4 12. Bxd4 Qa5 13. Kb1 b5 14. Ne2 Qxd2 15. Rxd2 b4 16. h5 a5 17. h6 g6 18. Be3 Ba6 19. Nd4 Nxd4 20. Bxd4 Bxf1 21. Rxf1 f6 22. Rdf2 Rac8 23. c3 bxc3 24. Bxc3 Rc5 25. g4 f5 26. g5 Rfc8 27. Bd2 Kf7 28. Rf3 a4 29. Ra3 Rc4 30. b3 Rb8 31. Rc1 axb3 32. axb3 Rb7 33. Ka2 Rxc1 34. Bxc1 Ke8 35. Be3 Nb8 36. Ra8 Kd7 37. Bc5 Kc6 38. Bd6 Nd7 39. Re8 d4 40. Rxe6 Kd5 41. Kb2 Kxe6 0-1

[Event "Angarsk Golden Autumn"]
[Site "Angarsk"]
[Date "2015.10.19"]
[Round "1"]
[White "Khantuev, Alexander"]
[Black "Obolenskikh, Dmitry Aleksandrovi"]
[Result "0-1"]
[WhiteElo "2349"]
[BlackElo "2523"]
[PlyCount "52"]
[EventDate "2015.10.19"]
[EventType "tourn"]
[EventRounds "13"]
[EventCountry "RUS"]
[SourceTitle "EXT 2018"]
[Source "ChessBase"]
[SourceDate "2017.10.13"]
[SourceVersion "1"]
[SourceVersionDate "2017.10.13"]
[SourceQuality "1"]

1. e4 e6 2. d4 d5 3. Nc3 Bb4 4. exd5 exd5 5. Bd3 c6 6. Nge2 Ne7 7. Bf4 Bf5 8. Bxf5 Nxf5 9. Qd3 Qd7 10. 0-0-0 Na6 11. g4 Ne7 12. h3 h5 13. Ng3 hxg4 14. hxg4 0-0-0 15. f3 Nc7 16. Nce2 Ne6 17. Bd2 Bxd2+ 18. Qxd2 g5 19. Nf5 Nxf5 20. gxf5 Ng7 21. Qxg5 Nxf5 22. Nf4 Rxh1 23. Rxh1 Nxd4 24. Qg1 c5 25. c3 Qd6 26. Qg4+ f5 0-1

[Event "Angarsk Alfa Cup 1st"]
[Site "Angarsk"]
[Date "2015.05.20"]
[Round "2"]
[White "Obolenskikh, Dmitry Aleksandrovi"]
[Black "Khantuev, Alexander"]
[Result "1-0"]
[WhiteElo "2513"]
[BlackElo "2342"]
[PlyCount "85"]
[EventDate "2015.05.19"]
[EventType "tourn"]
[EventRounds "11"]
[EventCountry "RUS"]
[SourceTitle "EXT 2016"]
[Source "ChessBase"]
[SourceDate "2015.10.08"]
[SourceVersion "1"]
[SourceVersionDate "2015.10.08"]
[SourceQuality "1"]

1. Nf3 Nf6 2. c4 c5 3. Nc3 e6 4. g3 b6 5. Bg2 Bb7 6. 0-0 Be7 7. d4 cxd4 8. Qxd4 0-0 9. Rd1 d6 10. b3 Nbd7 11. e4 a6 12. Ba3 Nc5 13. e5 dxe5 14. Qxd8 Rfxd8 15. Nxe5 Bxg2 16. Kxg2 Bf8 17. Bxc5 Bxc5 18. Na4 Rac8 19. Nxc5 bxc5 20. a3 Ne4 21. Nd7 f6 22. Rd3 Kf7 23. Re1 Ke7 24. Nb6 Rc6 25. Rxd8 Kxd8 26. Na4 Ng5 27. f4 Nf7 28. Kf3 h5 29. Re3 Ke7 30. Ke2 e5 31. Kd3 Ke6 32. b4 cxb4 33. axb4 Kf5 34. b5 axb5 35. cxb5 Rd6+ 36. Kc3 exf4 37. gxf4 Kxf4 38. Re7 Ne5 39. b6 Rd3+ 40. Kc2 Rd7 41. b7 Rxe7 42. b8Q Kg4 43. Qb4+ 1-0

[Event "Irkutsk Region-ch"]
[Site "Irkutsk"]
[Date "2014.10.27"]
[Round "10"]
[White "Rozhnev, Gennady"]
[Black "Khantuev, Alexander"]
[Result "0-1"]
[WhiteElo "2109"]
[BlackElo "2313"]
[PlyCount "98"]
[EventDate "2014.10.18"]
[EventType "tourn"]
[EventRounds "11"]
[EventCountry "RUS"]
[SourceTitle "CBM 163 Extra"]
[Source "ChessBase"]
[SourceDate "2014.12.23"]
[SourceVersion "1"]
[SourceVersionDate "2014.12.23"]
[SourceQuality "1"]

1. e4 e6 2. d4 d5 3. e5 c5 4. c3 Nc6 5. Nf3 Qb6 6. Be2 Nh6 7. a4 cxd4 8. cxd4 Nf5 9. Bb5 a6 10. Bxc6+ bxc6 11. a5 Qc7 12. g4 Nh6 13. h3 Rb8 14. 0-0 Bb4 15. Bd2 0-0 16. Nc3 f6 17. exf6 Rxf6 18. g5 Rxf3 19. Qxf3 Nf5 20. Qd3 Bd7 21. Rfe1 Qa7 22. Be3 Rf8 23. Red1 e5 24. dxe5 Nxe3 25. fxe3 Bc5 26. Nxd5 Bf5 27. Qb3 cxd5 28. Qxd5+ Kh8 29. Rd4 Bxh3 30. Kh2 Bxd4 31. Kxh3 Bxb2 32. Re1 Qa8 33. Qxa8 Rxa8 34. e6 Re8 35. Rb1 Bc3 36. Rb6 Bxa5 37. Rxa6 Bd2 38. Kg4 Bxe3 39. Kf5 g6+ 40. Kg4 Kg8 41. Rd6 Kf8 42. Rc6 Rd8 43. Rc7 Rd4+ 44. Kf3 Bxg5 45. Rxh7 Rf4+ 46. Kg3 Re4 47. Rb7 Rxe6 48. Kg4 Be7 49. Kf4 Kf7 0-1

[Event "Irkutsk Region-ch"]
[Site "Irkutsk"]
[Date "2014.10.18"]
[Round "1"]
[White "Demikhov, Maxim"]
[Black "Khantuev, Alexander"]
[Result "0-1"]
[WhiteElo "1991"]
[BlackElo "2313"]
[PlyCount "128"]
[EventDate "2014.10.18"]
[EventType "tourn"]
[EventRounds "11"]
[EventCountry "RUS"]
[SourceTitle "CBM 163 Extra"]
[Source "ChessBase"]
[SourceDate "2014.12.23"]
[SourceVersion "1"]
[SourceVersionDate "2014.12.23"]
[SourceQuality "1"]

1. d4 e6 2. Nf3 f5 3. c4 Nf6 4. g3 Be7 5. Bg2 0-0 6. 0-0 Ne4 7. Nbd2 Bf6 8. Nxe4 fxe4 9. Ne5 d5 10. b4 Nc6 11. Nxc6 bxc6 12. a4 a5 13. b5 c5 14. Bb2 Bb7 15. Rc1 dxc4 16. e3 cxd4 17. Bxd4 Bd5 18. Qc2 Bxd4 19. exd4 c6 20. bxc6 Qb6 21. Bxe4 h6 22. Rcd1 Qxc6 23. Rfe1 Rab8 24. Qe2 Rb4 25. Bb1 Qxa4 26. Qg4 Rf6 27. Be4 Qa2 28. Bxd5 Qxf2+ 29. Kh1 exd5 30. Rf1 Qxf1+ 31. Rxf1 Rxf1+ 32. Kg2 Rf6 33. Qc8+ Kh7 34. Qc5 Rb2+ 35. Kh3 Rf5 36. Qxa5 Rh5+ 37. Kg4 Rbxh2 38. Qe1 Rh1 39. Qf2 Rg5+ 40. Kf4 Rh3 41. Qc2+ Kh8 42. Qb1 Rgxg3 43. Qb8+ Kh7 44. Ke5 Rg5+ 45. Ke6 Re3+ 46. Kd6 Rb3 47. Qc7 Rd3 48. Qa7 h5 49. Qe7 Rdg3 50. Qe1 h4 51. Qb1+ Kh6 52. Ke7 h3 53. Qh1 c3 54. Qh2 Re3+ 55. Kf7 Rf3+ 56. Ke7 Kh5 57. Qe2 Rgf5 58. Kd6 g5 59. Qe8+ Kg4 60. Qe2 Kh4 61. Qe1+ Rf2 62. Qxc3 h2 63. Qe1 Kh3 64. Ke6 Kg2 0-1

[Event "Buryatia-ch Superfinal 2nd"]
[Site "Ulan-Ude"]
[Date "2014.01.05"]
[Round "1"]
[White "Zhaltsanov, Igor"]
[Black "Khantuev, Alexander"]
[Result "0-1"]
[WhiteElo "1888"]
[BlackElo "2312"]
[PlyCount "94"]
[EventDate "2014.01.05"]
[EventType "swiss"]
[EventRounds "9"]
[EventCountry "RUS"]
[SourceTitle "EXT 2015"]
[Source "ChessBase"]
[SourceDate "2014.11.20"]
[SourceVersion "1"]
[SourceVersionDate "2014.11.20"]
[SourceQuality "1"]

1. e4 e6 2. d4 d5 3. Nc3 Nf6 4. Bg5 Bb4 5. e5 h6 6. Bd2 Bxc3 7. bxc3 Ne4 8. Qg4 g6 9. Bd3 Nxd2 10. Kxd2 Qe7 11. f4 c5 12. Nf3 c4 13. Be2 Nd7 14. a4 a5 15. h4 h5 16. Qg5 Nb6 17. g4 hxg4 18. Qxg4 Bd7 19. h5 gxh5 20. Rxh5 0-0-0 21. Rxh8 Rxh8 22. Qg7 Rh3 23. Ng5 Rxc3 24. Rb1 Rg3 25. Bf3 Nxa4 26. Qh8+ Be8 27. Ra1 Kc7 28. Ke2 Bb5 29. Qf6 Qxf6 30. exf6 Be8 31. Kf2 Rxg5 32. fxg5 b5 33. Bg4 Nc3 34. Ke3 Ne4 35. Kf4 a4 36. Rh1 a3 37. Bxe6 fxe6 38. Rh7+ Kb6 39. Rh1 b4 40. Rb1 Ka5 41. Ke5 Nxg5 42. Kd6 a2 43. Ra1 b3 44. c3 Ka4 45. Ke7 Bh5 46. f7 Bxf7 47. Kf6 Ka3 0-1

[Event "Irkutsk Region-ch"]
[Site "Irkutsk"]
[Date "2012.10.28"]
[Round "10"]
[White "Khantuev, Alexander"]
[Black "Privalikhin, Fedor"]
[Result "1-0"]
[WhiteElo "2348"]
[BlackElo "2166"]
[PlyCount "52"]
[EventDate "2012.10.19"]
[EventType "tourn"]
[EventRounds "13"]
[EventCountry "RUS"]
[SourceTitle "EXT 2014"]
[Source "ChessBase"]
[SourceDate "2013.11.20"]
[SourceVersion "1"]
[SourceVersionDate "2013.11.20"]
[SourceQuality "1"]

1. e4 e5 2. Nf3 Nc6 3. Bc4 Nf6 4. d3 Bc5 5. c3 d6 6. Bb3 Bg4 7. Nbd2 Qe7 8. h3 Bd7 9. Nf1 h6 10. Ne3 Bb6 11. Nd5 Nxd5 12. exd5 Nd8 13. 0-0 g5 14. d4 f6 15. Re1 Nf7 16. a4 a5 17. Qd3 Kd8 18. Qg6 Re8 19. dxe5 Nxe5 20. Nxe5 fxe5 21. Qxh6 Rg8 22. Be3 Bxe3 23. Rxe3 Ra6 24. Bc4 Rb6 25. b4 c6 26. dxc6 Rxc6 1-0

[Event "Irkutsk-ch"]
[Site "Irkutsk"]
[Date "2012.04.04"]
[Round "7"]
[White "Shelk, Alexander"]
[Black "Khantuev, Alexander"]
[Result "1/2-1/2"]
[WhiteElo "2361"]
[BlackElo "2352"]
[PlyCount "171"]
[EventDate "2012.03.24"]
[EventType "swiss"]
[EventRounds "9"]
[EventCountry "RUS"]
[SourceTitle "EXT 2013"]
[Source "ChessBase"]
[SourceDate "2012.11.22"]
[SourceVersion "1"]
[SourceVersionDate "2012.11.22"]
[SourceQuality "1"]

1. Nf3 Nf6 2. c4 c5 3. d4 cxd4 4. Nxd4 b6 5. Nc3 Bb7 6. Bg5 e6 7. e3 Be7 8. Rc1 a6 9. f3 0-0 10. Be2 h6 11. Bh4 d5 12. 0-0 dxc4 13. Bxc4 b5 14. Bd3 Nbd7 15. Qe2 Ne5 16. Bb1 Nd5 17. Bf2 Rc8 18. Ne4 Qd7 19. Nb3 Nc4 20. Rfd1 Rfd8 21. Bd3 f5 22. Nc3 Nxc3 23. Rxc3 Bf6 24. Bc2 Qe7 25. Rxd8+ Rxd8 26. Nd4 f4 27. Rxc4 bxc4 28. Qxc4 Bxd4 29. exd4 Rc8 30. Qe2 Bd5 31. Be1 Bxa2 32. Bc3 Bd5 33. Qxa6 Ra8 34. Qf1 Qh4 35. Bb4 Qf6 36. Bc3 Kf7 37. Qe1 g5 38. h3 h5 39. Qf1 Rg8 40. Bd1 Ra8 41. Be2 Ra4 42. Qd1 Ra2 43. Kh2 Qd8 44. Qb1 Kg7 45. Qe1 Qa8 46. Bd3 Qb8 47. Kg1 Kf7 48. Bf1 Qa8 49. Qe5 Qd8 50. h4 Ra1 51. b3 Rb1 52. hxg5 Kg6 53. Be1 Rxb3 54. Bh4 Rb1 55. Qxf4 Rd1 56. Kf2 Bc6 57. d5 Bxd5 58. Be2 Qb6+ 59. Kg3 e5 60. Qf8 Qd4 61. Qh6+ Kf7 62. g6+ Ke6 63. g7+ Kd7 64. Bxd1 Qxd1 65. Qxh5 Qe1+ 66. Kh2 Qb4 67. Bg3 Qe7 68. Qxe5 Qxe5 69. Bxe5 Ke8 70. Kg3 Kf7 71. Kf2 Kg8 72. g4 Be6 73. Kg3 Kf7 74. f4 Ba2 75. f5 Bb1 76. Kf4 Bc2 77. Kg5 Bb1 78. Kh6 Kg8 79. Kg6 Bc2 80. Kf6 Bb1 81. Bd6 Bc2 82. g5 Bb1 83. g6 Bc2 84. Kg5 Bb1 85. f6 Bxg6 86. Kxg6 1/2-1/2

[Event "Irkutsk-ch"]
[Site "Irkutsk"]
[Date "2012.04.01"]
[Round "6"]
[White "Khantuev, Alexander"]
[Black "Okunev, Lev"]
[Result "1/2-1/2"]
[WhiteElo "2352"]
[BlackElo "2184"]
[PlyCount "221"]
[EventDate "2012.03.24"]
[EventType "swiss"]
[EventRounds "9"]
[EventCountry "RUS"]
[SourceTitle "EXT 2013"]
[Source "ChessBase"]
[SourceDate "2012.11.22"]
[SourceVersion "1"]
[SourceVersionDate "2012.11.22"]
[SourceQuality "1"]

1. e4 d5 2. exd5 Nf6 3. d4 Nxd5 4. Bc4 Nc6 5. Nf3 Bg4 6. c3 e6 7. 0-0 Bd6 8. Nbd2 0-0 9. Re1 Nce7 10. Bd3 Ng6 11. h3 Bh5 12. Ne4 Ngf4 13. Bf1 Nf6 14. Nxd6 Qxd6 15. g3 N4d5 16. Bg2 b5 17. a4 a6 18. Qb3 Bxf3 19. Bxf3 c6 20. Qc2 Rac8 21. Qe2 Rfd8 22. Bd2 h6 23. Bg2 Qd7 24. Bf1 Nb6 25. b3 Qd5 26. c4 bxc4 27. bxc4 Qf5 28. g4 Qg6 29. Ba5 Rb8 30. c5 Nbd5 31. Bxd8 Rxd8 32. Qe5 h5 33. Ra3 hxg4 34. Rg3 Qc2 35. a5 Qd2 36. Rb1 Nd7 37. Qe4 N7f6 38. Qd3 Qf4 39. hxg4 Ne4 40. Qf3 Qxf3 41. Rxf3 Nd2 42. Rfb3 Nxb1 43. Rxb1 Nc3 44. Rb6 Rxd4 45. Bxa6 Rxg4+ 46. Kh2 Ra4 47. Bd3 g6 48. a6 Nd5 49. Rxc6 Nb4 50. Rc8+ Kg7 51. Bb5 Ra5 52. Bf1 Kf6 53. c6 Nxa6 54. Ra8 Rh5+ 55. Kg2 Rg5+ 56. Kh2 Nc7 57. Ra7 Nb5 58. Rd7 Rc5 59. Bg2 Nc3 60. Rd8 Nd5 61. Bxd5 exd5 62. c7 Rxc7 63. Rxd5 Rc3 64. Kg2 Ke6 65. Ra5 f6 66. Rb5 g5 67. Ra5 Kf7 68. Rb5 Kg6 69. Ra5 g4 70. Rb5 f5 71. Ra5 Kg5 72. Rb5 Rc2 73. Ra5 Re2 74. Rb5 Kf4 75. Rb4+ Re4 76. Rb5 Rc4 77. Rb8 Rc2 78. Rb4+ Kg5 79. Rb5 Rc3 80. Ra5 Rf3 81. Ra8 Rd3 82. Ra5 Kf6 83. Ra6+ Kg5 84. Ra5 Kg6 85. Ra6+ Kh5 86. Ra5 Kg5 87. Rb5 Rd8 88. Ra5 Rf8 89. Ra7 f4 90. Rg7+ Kf5 91. Ra7 Rh8 92. Ra5+ Kg6 93. Ra4 Kg5 94. Ra5+ Kh4 95. Ra7 Rh6 96. Ra8 Rh7 97. Rg8 Rh6 98. Rg7 Rh8 99. Rg6 Rd8 100. Rh6+ Kg5 101. Rh7 Rd2 102. Rg7+ Kf5 103. Rf7+ Ke5 104. Kg1 Ke4 105. Ra7 Rd1+ 106. Kg2 f3+ 107. Kh2 Rf1 108. Ra2 Kf5 109. Ra5+ Kg6 110. Kg3 Rg1+ 111. Kf4 1/2-1/2

[Event "Angarsk op"]
[Site "Angarsk"]
[Date "2011.10.28"]
[Round "7"]
[White "Fellenger, Alexander"]
[Black "Khantuev, Alexander"]
[Result "0-1"]
[WhiteElo "2101"]
[BlackElo "2347"]
[PlyCount "114"]
[EventDate "2011.10.23"]
[EventType "swiss"]
[EventRounds "9"]
[EventCountry "RUS"]
[SourceTitle "EXT 2012"]
[Source "ChessBase"]
[SourceDate "2011.11.24"]
[SourceVersion "1"]
[SourceVersionDate "2011.11.24"]
[SourceQuality "1"]

1. e4 e6 2. d4 d5 3. Nc3 Nf6 4. Bg5 Bb4 5. f3 h6 6. Bxf6 Qxf6 7. e5 Qd8 8. f4 c5 9. a3 Ba5 10. Nf3 cxd4 11. Nxd4 0-0 12. Qd2 Nc6 13. Nxc6 bxc6 14. b4 Bc7 15. Be2 f6 16. exf6 Qxf6 17. 0-0 Bxf4 18. Qd3 e5 19. g3 Bf5 20. Nxd5 cxd5 21. Qxd5+ Be6 22. Qe4 Qg5 23. Bd3 Bf5 24. Qd5+ Kh8 25. Bxf5 Qxf5 26. gxf4 Rad8 27. Qf3 exf4 28. Rf2 g5 29. Qc3+ Kh7 30. Re1 f3 31. Qc7+ Rd7 32. Qg3 g4 33. c4 Qd3 34. c5 Qxa3 35. c6 Qxb4 36. Qe5 Rg7 37. c7 Qc4 38. Qe4+ Qxe4 39. Rxe4 Rc8 40. Rc2 h5 41. Rec4 Kh6 42. Rc5 Rf7 43. Kf2 Kg6 44. Rc6+ Rf6 45. Kg3 Rxc6 46. Rxc6+ Kf5 47. Rc4 Ke5 48. h3 gxh3 49. Kxf3 Kd6 50. Rh4 Rxc7 51. Rxh5 Rc5 52. Rh7 a5 53. Ke4 Rc3 54. Kd4 Rg3 55. Rh6+ Ke7 56. Ke4 a4 57. Kf4 Rb3 0-1

[Event "Angarsk op"]
[Site "Angarsk"]
[Date "2011.10.26"]
[Round "5"]
[White "Khantuev, Alexander"]
[Black "Shelk, Alexander"]
[Result "1-0"]
[WhiteElo "2347"]
[BlackElo "2363"]
[PlyCount "45"]
[EventDate "2011.10.23"]
[EventType "swiss"]
[EventRounds "9"]
[EventCountry "RUS"]
[SourceTitle "EXT 2012"]
[Source "ChessBase"]
[SourceDate "2011.11.24"]
[SourceVersion "1"]
[SourceVersionDate "2011.11.24"]
[SourceQuality "1"]

1. e4 c5 2. Nf3 e6 3. c3 d5 4. e5 d4 5. Bd3 dxc3 6. dxc3 Nc6 7. 0-0 Nge7 8. Na3 Ng6 9. Nc4 Be7 10. h4 Bxh4 11. Nxh4 Qxh4 12. Nd6+ Kf8 13. f4 Nge7 14. Be3 b6 15. Be4 Rb8 16. Bf2 Qh6 17. Bxc6 Nxc6 18. Nxc8 Rxc8 19. Qd7 Ne7 20. Rad1 Re8 21. c4 Qxf4 22. Bxc5 Qxe5 23. Qxe7+ 1-0